| 000 | 01652nam a2200205Ia 4500 | ||
|---|---|---|---|
| 001 | a1564-40380 | ||
| 003 | IT-MiCISF | ||
| 008 | 161014s9999||||xx |||||||||||||| ||und|| | ||
| 040 |
_aIT-MiCISF _cIT-MiCISF |
||
| 041 | _ait | ||
| 100 | _aMcLaren Anne (a cura di) | ||
| 245 | 0 |
_aLa clonazione _bUno sguardo etico |
|
| 250 | _a1a ed. | ||
| 260 |
_a Roma - Strasburgo _bSapere 2000, Roma; Council of Europe, Strasburgo _c2002 |
||
| 300 | _app. 218 | ||
| 500 | _aCouncil of Europe Publishing. # McLaren A., Tudge C., Gurdon J.B., Byrne J., Campbell K., Sureau C., Schroten E., Kahn A., Mieth D., Tardu M., Albert A. / bioetica, clonazione, storia, terapia, etica, diritto / La tecnica della clonazione ha aperto di recente due nuove possibilità: la clonazione riproduttiva, con la quale è possibile creare animali e forse esseri umani, e la clonazione terapeutica, che sviluppa cellule staminali allo scopo di curare parti malate dell'organismo umano. Anche se la clonazione animale è divenuta una realtà con la nascita della pecora Dolly, il tasso di successo è ancora basso, mentre ad oggi la clonazione umana è una semplice ipotesi. Le prospettive terapeutiche delle cellule staminali sono considerevoli ma la tecnica, che utilizza grandi quantità di embrioni umani, è estremamente controversa. Nel volume scienziati, filosofi, giuristi e giornalisti sollevano le questioni etiche collegate alle diverse tecniche di clonazione e propongono le loro opinioni. Completano il volume un glossario, informazioni schematiche su alcuni concetti chiave e un elenco di siti web. | ||
| 650 | _abioetica | ||
| 942 | _cBK | ||
| 957 | _71 | ||
| 999 |
_a40380 _bsi _g1 _c217656 _d217656 |
||